Star Wars Characters by Death - Statistics

General Stats
  • This quiz has been taken 248 times
    235 since last reset
  • The average score is 11 of 12
Answer Stats
Death Character % Correct
Strangled with a chain by Princess Leia Jabba the Hutt
97%
Died giving birth to twins Padmé Amidala
96%
Died of old age on the planet Dagobah Yoda
96%
Sent flying out of a window while being shocked by Darth Sidious Mace Windu
95%
Stabbed with a lightsaber by Darth Maul Qui-Gon Jinn
95%
Shot in the chest by Han Solo Greedo
94%
Stabbed with a lightsaber by his son Han Solo
92%
Decapitated during Chancellor Palpatine's rescue Count Dooku
89%
Decapitated during the Battle of Geonosis Jango Fett
88%
Died in son's arms after being tortured by Tusken Raiders Shmi Skywalker
85%
Killed by his old apprentice while stalling for his Rebel friends Obi-Wan Kenobi
79%
Bursted into flames after being shot in the chest General Grievous
70%
No matching quizzes found
Score Distribution
Percent of People with Each Score
Percentile by Number Answered
Your Score History
You have not taken this quiz since the last reset